Statistics for Friday I'm in Love – Lyrics

Click here to take the quiz!

General Stats

  • This quiz has been taken 69 times
  • The average score is 30 of 41

Answer Stats

Answer% Correct
and Wednesday {too}
100%
and Wednesday {too}
100%
I don't care if Monday's {blue}
100%
I don't care if Monday's {blue}
100%
Monday you can fall {apart}
98%
Monday you can fall {apart}
98%
Tuesday, Wednesday, break {my heart}
98%
Tuesday, Wednesday, break {my heart}
98%
Oh, Thursday doesn't even {start}
96%
Thursday doesn't even {start}
96%
Thursday never looking {back}
95%
Tuesday, Wednesday, stay in {bed}
95%
Tuesday's {gray}
91%
Thursday I don't {care about you}
91%
Thursday I don't {care about you}
91%
Tuesday's {gray}
91%
I don't care if Monday's {black}
89%
Tuesday, Wednesday, heart {attack}
87%
But Friday never {hesitate}
85%
But Friday never {hesitate}
85%
And Sunday always comes {too late}
84%
And Sunday always comes {too late}
84%
Monday you can hold your {head}
80%
Saturday {wait}
71%
Saturday {wait}
71%
and '{round}
60%
spinning '{round}
60%
in the middle of the {night}
58%
It's such a gorgeous {sight}
55%
Or Thursday watch the {walls} instead
55%
It's a wonderful {surprise}
53%
{Enough} of this stuff
51%
You can never get {enough},
51%
Dressed up to the {eyes}
49%
and your spirits {rise}
47%
To see your {shoes}
47%
And just smiling at the {sound}
36%
To see you {eat}
33%
Always take a big {bite}
29%
Throwing out your {frown}
27%
And as sleek as a {shriek}
22%

Score Distribution

Percentile by Number Answered

Percent of People with Each Score

Your Score History

You have not taken this quiz